[Event "Summer Cup"]
[Site "Wellington Chess Club"]
[Date "2016.02.11"]
[Round "4"]
[White "Sellen, Ian"]
[Black "Baker, Jack"]
[Result "1/2-1/2"]
[WhiteElo "2092"]
[BlackElo "1588"]

1. c4 e5 2. Nc3 Bc5 3. e3 Nc6 4. Nge2 Qh4 5. d3 d6 6. Nd5 Kd8 7. Nec3 Nf6 8.
Nxf6 gxf6 9. g3 Qg4 10. f3 {this is too weakening}  (10. Be2 Qh3 (10... Qg7 11.
a3 {slight advantage to white} ) 11. a3 Qg2 12. Bf3 $16) 10... Qg6 11. a3 a5
12. Bd2 Be6 13. Nd5 b5 14. b4 axb4 15. axb4 Rxa1 16. Qxa1 Bxd5 17. cxd5 $2
{From now on it is pretty much a forced line to a draw. I am forced to take
the rook sacrifice and let my queen end up in an unfavourable position}  (17.
bxc5 $1 Bxf3 18. Qa8+ Ke7 (18... Kd7 19. Qxh8 Bxh1 20. cxb5 Ne7 21. c6+ $16)
19. Qxh8 Bxh1 20. cxb5 Nd8 21. b6 $16) 17... Nxb4 18. Qa8+ Ke7 19. Qxh8 Nxd3+
20. Ke2 Nc1+ 21. Bxc1 Qc2+ 22. Bd2 Bb4 23. Kf2 Qxd2+ 24. Be2 Bc5 25. Qxh7
{there are other moves, but the result is the same} 25... Qxe3+ 26. Ke1 Qc1+
27. Bd1 Bb4+ 28. Kf2 Qd2+ 29. Be2 Bc5+ 30. Kf1 Qe3 31. Ke1 Qc3+ 32. Kf1 Qe3 33.
Ke1 (33. Kg2 Qxe2+ 34. Kh3 Qxf3 35. Ra1 Qxd5 $19) 33... Bb4+ 34. Kf1 {draw
agreed} 1/2-1/2

[Event "Summer Cup"]
[Site "Wellington Chess Club"]
[Date "2016.02.11"]
[Round "4"]
[White "Sole, Christopher"]
[Black "Stoeveken, Peter"]
[Result "0-1"]
[WhiteElo "1152"]
[BlackElo "1943"]

1. e4 c5 2. Nf3 Nc6 3. d4 cxd4 4. Nxd4 e5 5. Nxc6 bxc6 6. Nc3 Qb6 7. Be2 Bb4 8.
Bd2 Nf6 9. Rb1 Qd4 10. Bf3 Ba6 11. Ne2 Bxd2+ 12. Qxd2 Qxd2+ 13. Kxd2 d5 14. Nc3
Rd8 15. exd5 cxd5 16. Rbd1 O-O 17. Kc1 Bb7 18. Rhe1 Rfe8 19. Nb5 Re7 20. Nxa7
Ra8 21. Nb5 Rxa2 22. Na3 Ra1+ 23. Nb1 Ra5 24. Nc3 Ra1+ 25. Nb1 h6 26. g3 e4 27.
Be2 Rd7 28. h4 Ba6 29. Bxa6 Rxa6 30. Nc3 Re6 31. Re2 Rb6 32. Red2 Ra7 33. Kb1
Rba6 34. b3 Ra1+ 35. Kb2 Rxd1 36. Rxd1 Rd7 37. Ka3 d4 38. Ne2 d3 39. cxd3 exd3
40. Ng1 Ne4 41. Nf3 Nxf2 42. Rf1 d2 43. Nxd2 Rxd2 44. b4 Rd3+ 45. Ka4 Ne4 46.
b5 Nxg3 47. Rb1 Ne4 48. Ka5 Rd5 49. Ka6 Nc3 50. Rb3 Nxb5 51. Rxb5 Rxb5 52. Kxb5
g5 53. hxg5 hxg5 54. Kc4 f5 55. Kd3 f4 56. Ke4 Kg7 57. Kf3 Kg6 58. Kg4 Kf6 59.
Kf3 Kf5 60. Kg2 Ke4 61. Kf2 g4 62. Kg2 Ke3 63. Kf1 f3 64. Kg1 Ke2 65. Kh2 f2
66. Kg2 f1=Q+ 67. Kg3 Qf3+ 68. Kh4 g3 69. Kh3 g2+ 70. Kh2 Qf1 71. Kh3 g1=Q+ 0-1

[Event "Summer Cup"]
[Site "Wellington Chess Club"]
[Date "2016.02.11"]
[Round "4"]
[White "Thomas, Ben"]
[Black "Nyberg, Michael"]
[Result "1-0"]
[WhiteElo "2203"]
[BlackElo "2069"]

1. e4 c5 2. Nf3 e6 3. Nc3 a6 4. g3 Nc6 5. Bg2 Qc7 6. O-O b5 7. d4 cxd4 8. Nxd4
Bb7 9. Nb3 Nf6 10. Re1 d6 11. f4 h5 12. h3 Be7 13. a3 Nd7 14. Be3 Nc5 15. Nxc5
dxc5 16. e5 Rd8 17. Qe2 g5 18. fxg5 Qxe5 19. Qf2 Qg7 20. h4 O-O 21. Bxc5 Bxc5
22. Qxc5 Rd2 23. Ne4 Rxg2+ 24. Kxg2 Ne5 25. Kh3 Bxe4 26. Rxe4 Ng4 27. Qd4 e5
28. Qd2 Qg6 29. Rae1 Qb6 30. Rxe5 Nxe5 31. Rxe5 Rd8 32. Qe2 Qc6 33. Kh2 Rc8 34.
c3 Rd8 35. Qxh5 Rd2+ 36. Re2 Rd3 37. Qg4 Rd8 38. h5 Rd5 39. Rf2 Qc5 40. Qf4 Rd7
41. h6 Qc6 42. Qe5 f6 43. gxf6 Rf7 44. Rf4 Qd7 45. Rd4 Qc8 46. Qg5+ Kh7 47. Rg4
Qf8 48. Qg6+ Kh8 49. Qg7+ Qxg7 50. fxg7+ 1-0

[Event "Summer Cup"]
[Site "Wellington Chess Club"]
[Date "2016.02.13"]
[Round "4"]
[White "Sole, Michael"]
[Black "Forster, Bill"]
[Result "0-1"]
[WhiteElo "1655"]
[BlackElo "2094"]

1. e4 d6 2. d4 Nf6 3. Nc3 c6 4. Bg5 Qa5 5. Qd2 Nbd7 6. Nf3 e5 7. dxe5 dxe5 8.
Bd3 Bb4 9. a3 O-O 10. O-O Be7 11. Ne2 Qc7 12. Ng3 Rd8 13. Qc3 h6 14. Nf5 Re8
15. Nxe7+ Rxe7 16. Bh4 g5 17. Nxg5 hxg5 18. Bxg5 Re8 19. Rfe1 Nh7 20. Bh6 Ndf8
21. Bc4 Be6 22. Qg3+ Ng6 23. Bxe6 Rxe6 24. h4 Kh8 25. h5 Rg8 26. hxg6 Rgxg6 27.
Qe3 Rxh6 28. Qxa7 Reg6 29. Rad1 Qe7 30. Qb6 Qh4 31. Qd8+ Rg8 32. Qxh4 Rxh4 33.
Rd7 Ng5 34. Re3 Nh3+ 35. Rxh3 Rxh3 36. Rxf7 Rh7 37. Rf5 Rd8 38. Kf1 Rd2 39. g3
Rxc2 40. Rxe5 Rxb2 41. Re8+ Kg7 42. Re7+ Kg8 43. Re8+ Kf7 44. Re5 Ra2 45. g4
Rxa3 46. g5 Ra2 47. Rf5+ Kg6 48. Kg1 Rf7 49. Rxf7 Kxf7 50. f4 Ra4 0-1

[Event "Summer Cup"]
[Site "Wellington Chess Club"]
[Date "2016.02.18"]
[Round "5"]
[White "Baker, Jack"]
[Black "Rossiter, Philip"]
[Result "0-1"]
[WhiteElo "1588"]
[BlackElo "1888"]

1. d4 e6 2. Nf3 Nf6 3. Bg5 Be7 4. e3 b6 5. Nc3 Bb7 6. Bxf6 Bxf6 7. e4 d5 8. e5
Be7 9. a4 Na6 10. h4 Nb4 11. Qd2 Rc8 12. a5 c5 13. a6 Bc6 14. Nb5 Bxb5 15.
Bxb5+ Nc6 16. g4 O-O 17. c3 cxd4 18. Bxc6 Rxc6 19. Nxd4 Rc5 20. g5 Qc8 21. h5
b5 22. g6 h6 23. Qd3 f6 24. f4 b4 25. Nb5 bxc3 26. Nxc3 Rc4 27. f5 fxe5 28.
fxe6 d4 29. Rf1 dxc3 30. Rxf8+ Bxf8 31. e7 Bxe7 32. bxc3 Rxc3 33. Qd5+ Kh8 34.
Qe4 Rc4 35. Qxe5 Bb4+ 36. Kf1 Qf8+ 37. Kg1 Bc5+ 38. Kh1 Rh4+ 39. Qh2 Qf3# 0-1

[Event "Summer Cup"]
[Site "Wellington Chess Club"]
[Date "2016.02.18"]
[Round "5"]
[White "Barraza, Jesse"]
[Black "Sellen, Ian"]
[Result "1-0"]
[WhiteElo "1757"]
[BlackElo "2092"]

1. c4 e6 2. Nc3 Nf6 3. d4 d5 4. Nf3 c6 5. a3 Nbd7 6. Bf4 Be7 7. h4 h5 8. Qc2
Ng4 9. e4 dxc4 10. Bxc4 b5 11. Ba2 Nb6 12. Rd1 Bb7 13. Ng5 Bxg5 14. hxg5 Qe7
15. e5 f6 16. gxf6 gxf6 17. Qg6+ Qf7 18. Qxf7+ Kxf7 19. f3 Nh6 20. exf6 Nd5 21.
Bxd5 exd5 22. Rxh5 Kg6 23. Rxh6+ Rxh6 24. Bxh6 Kxh6 25. Kf2 Kg6 26. Rh1 Rf8 27.
b4 Bc8 28. Nd1 Bf5 29. Ne3 Be6 30. f4 Rxf6 31. Kf3 Rf8 32. g4 Kg7 33. f5 Bd7
34. Kf4 a5 35. g5 axb4 36. axb4 Re8 37. f6+ Kg8 38. g6 Re4+ 39. Kf3 Be6 40. Rh7
Rxd4 41. Rc7 1-0

[Event "Summer Cup"]
[Site "Wellington Chess Club"]
[Date "2016.02.18"]
[Round "5"]
[White "Brockway, Andrew"]
[Black "Rose, Nathan"]
[Result "1-0"]
[WhiteElo "1772"]
[BlackElo "1407"]

1.e4 Nf6 2.e5 Nd5 3.d4 Nc6 4.c4 Nb6 5.Nc3 d6 6.exd6 cxd6 7.Be3 e6 8.Nf3 d5
9.b3 Bb4 10.Qc2 Nd7 11.a3 Ba5 12.b4 Nxb4 13.axb4 Bxb4 14.c5 Qc7 15.Qb3 a5
16.Bb5 O-O 17.O-O b6 18.Rfc1 bxc5 19.dxc5 Nxc5 20.Bxc5 Qxc5 21.Ba4 Qb6 22.Ne2
Bb7 23.Ne5 Qa6 24.Nd4 Rac8 25.Ndc6 Bxc6 26.Nxc6 Bd6 27.Rab1 Rc7 28.Rc2 Rfc8
29.Rbc1 Kf8 30.g3 f6 31.Qe3 e5 32.Qf3 d4 33.Qd5 Ba3 34.Rd1 h6 35.Bb3 Ke8
36.Qe6+ Be7 37.Qf7+ Kd7 38.Qxe7# 1-0

[Event "Summer Cup"]
[Site "Wellington Chess Club"]
[Date "2016.02.18"]
[Round "5"]
[White "Dive, Russell"]
[Black "Pomeroy, Arthur"]
[Result "1-0"]
[WhiteElo "2441"]
[BlackElo "2133"]

1. Nf3 Nc6 2. d4 d5 3. c4 Bg4 4. Nc3 Bxf3 5. gxf3 e5 6. cxd5 Nxd4 7. e3 Nf5 8.
Qa4+ Ke7 9. Qe4 Kf6 10. f4 Bd6 11. fxe5+ Bxe5 12. Qf3 Bxc3+ 13. bxc3 Qd7 14. e4
Re8 15. Be3 Ne7 16. Bd4+ Kg6 17. Rg1+ 1-0

[Event "Summer Cup"]
[Site "Wellington Chess Club"]
[Date "2016.02.18"]
[Round "5"]
[White "Forlong-Ford, Colwyn"]
[Black "Asher, Bruce"]
[Result "1-0"]
[WhiteElo "1536"]
[BlackElo "1419"]

1. e4 e5 2. Nf3 Nc6 3. Bc4 Bc5 4. d3 Nf6 5. Bg5 h6 6. Bh4 O-O 7. Nc3 d6 8. Nd5
g5 9. Bg3 Ng4 10. c3 Na5 11. Qa4 Nxc4 12. Qxc4 Be6 13. h3 c6 14. hxg4 cxd5 15.
exd5 Bxg4 16. Qxg4 Qf6 17. O-O-O Rfe8 18. Rh5 Qg6 19. Rdh1 Kh7 20. Nxg5+ Kg7
21. Rxh6 Qxh6 22. Rxh6 Kxh6 23. Nxf7+ Kh7 24. Bh4 Rf8 25. Qf5+ Kg8 26. Qg6# 1-0

[Event "Summer Cup"]
[Site "Wellington Chess Club"]
[Date "2016.02.18"]
[Round "5"]
[White "Forster, Bill"]
[Black "Croad, Nicolas"]
[Result "0-1"]
[WhiteElo "2094"]
[BlackElo "2406"]

1. d4 Nf6 2. c4 e6 3. Nc3 Bb4 4. Qc2 O-O 5. a3 Bxc3+ 6. Qxc3 Qe8 7. f3 d6 8. e4
e5 9. Be3 Nfd7 10. Bd3 f5 11. Ne2 fxe4 12. Bxe4 Nf6 13. Bc2 Nc6 14. O-O Kh8 15.
Rae1 Qf7 16. f4 exd4 17. Nxd4 Ng4 18. Nxc6 bxc6 19. Bc1 Bf5 20. Bxf5 Qxf5 21.
Re7 Rf7 22. Rfe1 Qc5+ 23. Be3 Nxe3 24. Qxe3 $4 Rxe7 25. Qxc5 Rxe1+ 0-1

[Event "Summer Cup"]
[Site "Wellington Chess Club"]
[Date "2016.02.18"]
[Round "5"]
[White "Jackson, Ross"]
[Black "Nijman, Brian"]
[Result "0-1"]
[WhiteElo "2003"]
[BlackElo "2158"]

1. d4 d5 2. c4 dxc4 3. e3 a6 4. Bxc4 e6 5. Nf3 b5 6. Bd3 Bb7 7. O-O Nc6 8. Nc3
Bd6 9. Ne4 Nf6 10. Nxd6+ cxd6 11. a3 O-O 12. b4 Qb6 13. Bb2 Rfe8 14. e4 e5 15.
d5 Ne7 16. Nd2 Ng6 17. g3 Bc8 18. Kg2 Bg4 19. f3 Bd7 20. Nb3 Rec8 21. Qe2 Rc7
22. Rac1 Rac8 23. Rxc7 Rxc7 24. Rc1 Nh5 25. Qd2 h6 (25... Nhf4+ {!?} 26. gxf4
Nxf4+ 27. Kh1 (27. Kg3 {??} 27... Rxc1 28. Qxc1 (28. Nxc1 Qg1+ 29. Kh4 g5#)
28... Nxd3) 27... Rxc1+ 28. Bxc1 (28. Nxc1 {??} 28... Bh3 29. Bf1 Bxf1 30. Bd4
Qxd4 31. Qxd4 exd4)  (28. Qxc1 {??} 28... Qf2 29. Qf1 Qxb2) 28... Bh3 29. Bb1 (
29. Qe3 Qd8 {!}  (29... Qxe3 30. Bxe3 Nxd3) 30. Qg1 {!?} 30... Nxd3 (30... Bg2+
31. Qxg2 Nxg2 32. Kxg2) ) 29... Bg2+ 30. Qxg2 Nxg2 31. Kxg2 Qc7 32. Bb2
{#Diagram Houdini says Black is better, but I have my doubts} ) 26. Rxc7 Qxc7 27. Nc1
(27. Qc2 Qb6 28. Bc1) 27... Qc8 28. Ne2 f5 29. Qc3 (29. Qc2 fxe4 30. Qxc8+ Bxc8
31. fxe4 Kf7 32. a4 bxa4 33. Kf2) 29... Qf8 {!?}  (29... Qxc3 30. Bxc3 fxe4 31.
fxe4 Nf6) 30. exf5 {?!}  (30. Qc7 fxe4 31. Bxe4 Bf5 32. Bxf5 Qxf5 33. Qxd6 Kh7
34. Qc5 (34. Qxa6 Qc2 35. Qxb5 Qxb2) 34... Qb1) 30... Bxf5 31. Bc1 Ne7 32. Bxf5
Qxf5 33. g4 Qg6 34. Kf2 Nf6 35. Ng3 {?!}  (35. Qc7 Nexd5 36. Qc8+ Kh7) 35...
Nfxd5 36. Qb3 Kh7 37. Ne4 Nf6 38. Qd3 (38. Nxd6 Nxg4+ 39. fxg4 Qxd6) 38... d5
39. Nc5 e4 40. fxe4 {?!}  (40. Qe3) 40... dxe4 41. Qg3 Nxg4+ 42. Ke1 Nf5 43.
Qf4 Nf6 44. Nxa6 {?}  (44. Nxe4 Nxe4 45. Qxe4 Qg1+ 46. Ke2 Qxh2+) 44... Nd4 45.
Be3 Nd5 46. Qf2 Nxe3 0-1
Be3 Nd5 46. Qf2 Nxe3 0-1

[Event "Summer Cup"]
[Site "Wellington Chess Club"]
[Date "2016.02.18"]
[Round "5"]
[White "Konakanchi, Karthik"]
[Black "Scarlett, William"]
[Result "0-1"]
[WhiteElo "1332"]
[BlackElo "1336"]

1. e4 e5 2. Nf3 Nc6 3. Bc4 Nf6 4. Nc3 Nxe4 5. Nxe4 d5 6. Bxd5 Qxd5 7. Nc3 Qd8
8. O-O Bg4 9. h3 Bh5 10. b3 Qd7 11. Nxe5 Bxd1 12. Nxd7 Kxd7 13. Rxd1 Nd4 14.
Rb1 Rd8 15. d3 Bb4 16. Bd2 Bxc3 17. Kf1 Bxd2 18. Rxd2 Rhe8 19. c3 Nb5 20. Rc1
Kc8 21. a4 Nd6 22. c4 c5 23. a5 a6 24. d4 Ne4 25. Rb2 Rxd4 26. b4 Rd2 27. Rb3
cxb4 28. Re3 b3 29. f3 b2 30. Rb1 Ng3+ 31. Ke1 Re2+ 32. Kd1 R8xe3 33. c5 Rd3#
0-1

[Event "Summer Cup"]
[Site "Wellington Chess Club"]
[Date "2016.02.18"]
[Round "5"]
[White "Meravanage, Satwik"]
[Black "Day, Fabian"]
[Result "0-1"]
[WhiteElo "1103"]
[BlackElo "1522"]

1. e4 c5 2. Nf3 e6 3. d4 cxd4 4. Nxd4 Nc6 5. Nc3 a6 6. g3 Qc7 7. Nb3 Bb4 8. Bd2
Nf6 9. Bg2 O-O 10. O-O d6 11. a3 Bxc3 12. Bxc3 e5 13. Qe2 Be6 14. Rad1 Rad8 15.
f4 Ne7 16. f5 Bc4 17. Ba5 Bxe2 18. Bxc7 Rd7 19. Rfe1 Bxd1 20. Rxd1 Rxc7 21.
Rxd6 Rxc2 22. Rb6 Rxb2 23. Rxb7 Nc6 24. Rb6 Nd4 0-1

[Event "Summer Cup"]
[Site "Wellington Chess Club"]
[Date "2016.02.18"]
[Round "5"]
[White "Stracy, Don"]
[Black "Asplet, Mike"]
[Result "1-0"]
[WhiteElo "1756"]
[BlackElo "1530"]

1. e4 e5 2. Nf3 Nc6 3. Bb5 a6 4. Ba4 Nf6 5. O-O d6 6. Re1 b5 7. Bb3 Be6 8. c3
Bxb3 9. Qxb3 Na5 10. Qc2 Nc4 11. b3 Nb6 12. d4 Nfd7 13. Nbd2 Be7 14. Nf1 O-O
15. Be3 Rc8 16. Rac1 Bf6 17. Ng3 c5 18. d5 a5 19. c4 bxc4 20. bxc4 g6 21. Rb1
Rb8 22. Rb5 Qc7 23. Reb1 Qa7 24. a4 Bd8 25. Nd2 Bc7 26. h3 Rb7 27. Ne2 Rfb8 28.
f4 f6 29. f5 g5 30. g4 Kf7 31. Kg2 h5 32. gxh5 Rh8 33. Ng3 Qa8 34. Nf3 Ra7 35.
Kh2 Qg8 36. Rg1 g4 37. Nh4 Nf8 38. Ng6 Nxg6 39. fxg6+ Kg7 40. Nf5+ Kf8 41. g7+
1-0

[Event "Summer Cup"]
[Site "Wellington Chess Club"]
[Date "2016.02.18"]
[Round "5"]
[White "Theodosiou, Andreas"]
[Black "Hill, Ryan"]
[Result "0-1"]
[WhiteElo "1480"]
[BlackElo "1663"]

1. e4 e5 2. Nf3 Nc6 3. d4 exd4 4. Nxd4 Bc5 5. Be3 Qf6 6. c3 a6 7. Be2 Nge7 8.
Na3 Bxa3 9. bxa3 d5 10. Nxc6 Qxc6 11. Bd4 dxe4 12. O-O O-O 13. Qd2 h6 14. f3
Bf5 15. Qf4 Bg6 16. Qe5 Nf5 17. Rac1 Rfe8 18. Qf4 Qd6 19. Qg4 Nxd4 20. Rcd1 0-1

[Event "Summer Cup"]
[Site "Wellington Chess Club"]
[Date "2016.02.18"]
[Round "5"]
[White "Timergazi, Layla"]
[Black "Ker, Anthony"]
[Result "0-1"]
[WhiteElo "2149"]
[BlackElo "2435"]

1. d4 d6 2. c4 e5 3. d5 f5 4. e4 fxe4 5. Nc3 Nf6 6. Bg5 Bf5 7. Nge2 Be7 8. Ng3
Bg6 9. h4 Qd7 10. Be2 Na6 11. h5 Bf5 12. Bxf6 gxf6 13. Nxf5 Qxf5 14. Bg4 Qg5
15. Nxe4 Qf4 16. Ng3 Rg8 17. Be6 Rxg3 18. fxg3 Qxg3+ 19. Kf1 Qf4+ 20. Kg1 Nc5
21. h6 Qe3+ 22. Kf1 Ne4 0-1

[Event "Summer Cup"]
[Site "Wellington Chess Club"]
[Date "2016.02.18"]
[Round "5"]
[White "Wastney, Scott"]
[Black "Thomas, Ben"]
[Result "1-0"]
[WhiteElo "2434"]
[BlackElo "2203"]

1. e4 e5 2. Nf3 Nf6 3. Nc3 Bb4 4. Nxe5 O-O 5. Nd3 Bxc3 6. dxc3 Nxe4 7. Be2 d5
8. Nf4 c6 9. O-O Bf5 10. a4 Nd7 11. Be3 Ne5 12. f3 Nf6 13. b3 Ng6 14. Nxg6 Bxg6
15. Re1 Qc7 16. Bf1 Rfe8 17. Qd2 Rad8 18. Qf2 b6 19. a5 c5 20. axb6 axb6 21.
Bb5 Re6 22. Bg5 Qd6 23. Qd2 h6 24. Bf4 Qe7 25. Rxe6 fxe6 26. Re1 Ra8 27. Bd3
Bxd3 28. cxd3 Kf7 29. Be5 Nd7 30. Qf4+ Kg8 31. Bd6 Qf7 32. Qg4 Ra3 33. Qxe6
Qxe6 34. Rxe6 Rxb3 35. Re7 Nf6 36. Be5 d4 37. cxd4 Rxd3 38. dxc5 bxc5 39. Bxf6
gxf6 40. Rc7 Rd5 41. Kf2 Rh5 42. h3 Rd5 43. Ke3 h5 44. h4 c4 45. Ke4 Ra5 46. g4
c3 47. Kf4 c2 48. gxh5 Rxh5 49. Kg4 Ra5 50. h5 c1=Q 51. Rxc1 Kg7 52. Rc7+ Kh6
53. Rf7 Rg5+ 54. Kf4 Rxh5 55. Rxf6+ Kg7 56. Rf5 Rh1 57. Ke5 Re1+ 58. Kd6 Rd1+
59. Ke6 Ra1 60. Rg5+ Kf8 61. Rd5 Ra2 62. f4 Ra6+ 63. Kf5 Kf7 64. Rd7+ Kf8 65.
Kg5 Ra1 66. Rb7 Ra5+ 67. Kg4 Rc5 68. Rd7 Ra5 69. f5 Ra6 70. Kg5 Ke8 71. Rg7 Kf8
72. Rg6 Ra1 73. Rb6 Ke7 74. Rb7+ Ke8 75. Kg6 Rc1 76. Rb8+ Kd7 77. f6 1-0

[Event "Summer Cup"]
[Site "Wellington Chess Club"]
[Date "2016.02.18"]
[Round "5"]
[White "Zhao, Aiden"]
[Black "Wight, Joshua"]
[Result "0-1"]
[WhiteElo "1103"]
[BlackElo "1522"]

1. e4 e5 2. Nf3 d6 3. d4 Qe7 4. Bc4 Bg4 5. Bd5 c6 6. Bb3 Nf6 7. Nc3 Bxf3 8.
Qxf3 exd4 9. Ne2 Qxe4 10. Qxe4+ Nxe4 11. Nxd4 g6 12. O-O Bg7 13. Nf3 O-O 14. c3
Nd7 15. Re1 Rfe8 16. Bc2 d5 17. Bxe4 Rxe4 18. Rxe4 dxe4 19. Be3 b6 20. Nd4 Bxd4
21. cxd4 Rc8 22. Rc1 Nf6 23. Bg5 Nd5 24. Be3 Kf8 25. Kf1 Ke8 26. Ke2 Kd7 27. f3
exf3+ 28. Kxf3 Nxe3 29. Kxe3 Re8+ 30. Kd3 f5 31. b4 Kd6 32. a4 Kd5 33. a5 Re4
34. Rc4 Rf4 35. Ke3 Kxc4 36. Kxf4 Kxd4 37. axb6 axb6 38. g4 fxg4 39. Kxg4 h6
40. h4 c5 41. bxc5 bxc5 42. h5 gxh5+ 43. Kxh5 c4 44. Kxh6 c3 45. Kg6 c2 46. Kf5
c1=Q 47. Ke6 Qg5 48. Kd7 Qg6 49. Ke7 Ke5 50. Kd7 Qd6+ 51. Kc8 Qe7 52. Kb8 Kd6
53. Ka8 Kc6 0-1

[Event "Summer Cup"]
[Site "Wellington Chess Club"]
[Date "2016.02.25"]
[Round "6"]
[White "Bennett, Ezra"]
[Black "Sole, Christopher"]
[Result "1/2-1/2"]
[WhiteElo "1352"]
[BlackElo "1152"]

1. Nf3 Nc6 2. g3 e5 3. Bg2 Bb4 4. O-O d6 5. c3 Ba5 6. d4 exd4 7. cxd4 Nf6 8.
Qd3 Bd7 9. a3 d5 10. Nc3 Bxc3 11. bxc3 Qe7 12. Re1 O-O-O 13. c4 dxc4 14. Qxc4
Be6 15. Qb5 Nd7 16. Rd1 Ncb8 17. Ng5 Nb6 18. Nxe6 fxe6 19. h4 Qd7 20. Qxd7+
N8xd7 21. Bg5 Nf6 22. Rac1 h6 23. Bf4 Nbd5 24. Be5 Ne8 25. e4 Ndf6 26. d5 exd5
27. exd5 Kb8 28. Rb1 Nd6 29. Rb4 Rhe8 30. Bf4 Nd7 31. Kh2 Re2 32. Bxd6 cxd6 33.
Rf1 Rf8 34. f4 Rd2 35. Rfb1 Nb6 36. Rb5 Rf5 37. Kh3 h5 38. Be4 Rf8 39. Bg6 Rxd5
40. Rxd5 Nxd5 41. Be4 Nb6 42. Bg2 d5 43. g4 Rxf4 44. gxh5 Ra4 45. Rb3 Kc7 46.
Rg3 d4 47. Rxg7+ Nd7 48. h6 Rxa3+ 49. Kh2 d3 50. h7 d2 51. h8=Q d1=Q 52. Qf8
Qd6+ 53. Qxd6+ Kxd6 54. h5 Nf6 55. Rg6 Ke7 56. h6 Kf7 57. Rg7+ Kf8 58. Rxb7 Kg8
1/2-1/2

[Event "Summer Cup"]
[Site "Wellington Chess Club"]
[Date "2016.02.25"]
[Round "6"]
[White "Brockway, Andrew"]
[Black "Forster, Bill"]
[Result "1/2-1/2"]
[WhiteElo "1791"]
[BlackElo "2094"]

1. e4 e5 2. Nf3 Nc6 3. Bb5 a6 4. Bxc6 dxc6 5. O-O Bg4 6. h3 h5 7. d3 Bxf3 8.
Qxf3 Qd7 9. Qg3 f6 10. Qg6+ Qf7 11. Qxf7+ Kxf7 12. Be3 Bd6 13. Nd2 Ne7 14. f4
Rad8 15. f5 c5 16. Nb3 b6 17. Nd2 Nc6 18. a3 Nd4 19. Bxd4 cxd4 20. Nc4 b5 21.
Na5 c5 22. Nb7 Rd7 23. Nxd6+ Rxd6 24. a4 b4 25. b3 h4 26. Rf3 1/2-1/2

[Event "Summer Cup"]
[Site "Wellington Chess Club"]
[Date "2016.02.25"]
[Round "6"]
[White "Collings, Alex"]
[Black "Meravanage, Satwik"]
[Result "1/2-1/2"]
[WhiteElo "991"]
[BlackElo "1378"]

1. e4 c5 2. Nf3 d6 3. d4 cxd4 4. Nxd4 Nc6 5. Nxc6 bxc6 6. Bc4 Nf6 7. Nc3 Bb7 8.
O-O d5 9. exd5 cxd5 10. Bb5+ Nd7 11. Nxd5 Rc8 12. Be3 e6 13. Nc3 a6 14. Ba4 Bc6
15. Qd4 Bc5 16. Qxg7 Rf8 17. Qxh7 Qb6 18. Bh6 Qxb2 19. Bxf8 Nxf8 20. Qd3 Bxa4
21. Qxa6 Bxf2+ 22. Kxf2 Rxc3 23. Qxa4+ Nd7 24. Rac1 Qb6+ 25. Ke2 Qe3+ 26. Kd1
1/2-1/2

[Event "Summer Cup"]
[Site "Wellington Chess Club"]
[Date "2016.02.25"]
[Round "6"]
[White "Croad, Nicolas"]
[Black "Wastney, Scott"]
[Result "0-1"]
[WhiteElo "2406"]
[BlackElo "2434"]

1. d4 Nf6 2. Nf3 d5 3. e3 e6 4. Bd3 c5 5. b3 Nc6 6. O-O ( {Henriquez Villagra
(2511) - Rosito (2362), Neuquen ARG 2015, 1-0 in 31 moves} 6. Bb2 Bd6 7. O-O
O-O 8. a3 b6 9. Nbd2 Bb7 10. Ne5 Qc7 11. f4 Ne7 12. Qe2 Ne4 13. Nxe4 dxe4 14.
Bc4 a6 15. dxc5 Bxc5 16. b4 Bd6 17. Rfd1 b5 18. Bb3 Bd5 19. c4 bxc4 20. Nxc4
Bxc4 21. Qxc4 Qxc4 22. Bxc4 Nf5 23. Kf2 Rfc8 24. Rac1 h5 25. Be5 a5 26. b5 Bc5
27. Rc3 Bb6 28. Rdc1 Rd8 29. R1c2 a4 30. Bf1 Ne7 31. Rc4 Rac8) 6... Qc7 7. a3
Bd6 8. Bb2 O-O 9. Nc3 a6 10. dxc5 Bxc5 11. e4 d4 12. Ne2 Rd8 13. Ng3 e5 14. Qe2
Ne7 15. Nh4 Ng6 16. Nxg6 hxg6 17. Rfc1 Qe7 18. b4 Ba7 19. h3 Be6 20. Bc4 Bxc4
21. Qxc4 Rac8 22. Qd3 Qe6 23. Rd1 Rd7 24. Ne2 Qc6 25. f3 {#Diagram White's c2
pawn has been increasingly looking like a broken tooth, now it is infected}
25... Qa4 {The treatment is removal of the infection} 26. Rd2 $2 {The patient
is not cooperative} 26... Rc3 $1 {And he ends up suffering more as a result}
0-1

[Event "Summer Cup"]
[Site "Wellington Chess Club"]
[Date "2016.02.25"]
[Round "6"]
[White "Farrington, Lawrence"]
[Black "List, Robert"]
[Result "1-0"]
[WhiteElo "1851"]
[BlackElo "1661"]

1. e4 c6 2. d4 d6 3. Nf3 Bg4 4. c4 Qc7 5. h3 Bh5 6. Bf4 Nd7 7. Be2 e5 8. Bh2
Ngf6 9. Nc3 Bg6 10. Bd3 Be7 11. O-O Bh5 12. Be2 Bg6 13. Bd3 Bh5 14. dxe5 dxe5
15. Rc1 Rd8 16. Qe2 g5 17. g4 Nxg4 18. hxg4 Bxg4 19. Kg2 Bh5 20. Bg3 Bg4 21.
Qe3 f6 22. Rh1 Bc5 23. Qe1 h5 24. Be2 h4 25. Ng1 Be6 26. f3 Ke7 27. Bf2 Bd6 28.
Na4 (28. Nd5+ $1 cxd5 29. cxd5 Qb8 30. dxe6 Kxe6 31. Bc4+ $18) 28... Rdg8 $2
29. c5 Nxc5 30. Nxc5 Bc8 31. Bc4 g4 32. Bxg8 Rxg8 33. Rxh4 gxf3+ 34. Kxf3 Kf8
35. Qe3 Qg7 36. Qh6 Bg4+ 37. Ke3 b6 38. Qxg7+ Rxg7 39. Rh8+ Kf7 40. Nd3 c5 41.
b3 f5 42. exf5 Bxf5 43. Rh5 Ke6 44. Nh3 Be7 45. Rh6+ Kd5 46. Rg1 (46. Ndf4+ $1
exf4+ 47. Nxf4+ Ke5 48. Rd1 Be4 49. Re6+) 46... Bg4 47. Rh8 e4 48. Ndf4+ Kc6
49. Rh6+ Kb5 50. Nd5 Bf8 51. Rh8 Bf3 52. Rxg7 Bxg7 53. a4+ Ka6 54. Rh7 Bd4+ 55.
Kf4 Bg2 56. Nc7+ Kb7 57. Nb5+ Kc6 58. Nxd4+ cxd4 59. Bxd4 Kd6 60. Nf2 1-0

[Event "Summer Cup"]
[Site "Wellington Chess Club"]
[Date "2016.02.25"]
[Round "6"]
[White "Ker, Anthony"]
[Black "Dive, Russell"]
[Result "1-0"]
[WhiteElo "2435"]
[BlackElo "2441"]

1. e4 c6 2. d4 d5 3. exd5 cxd5 4. c4 Nf6 5. Nc3 g6 6. cxd5 Bg7 7. Be2 O-O 8.
Bf3 Na6 9. Qb3 ( {Skoko (2236) - Radlovacki (2423), Banja Koviljaca SRB 2013,
1/2-1/2 in 56 moves} 9. Nge2 Bg4 10. Bxg4 Nxg4 11. Qb3 Qb6 12. Qxb6 axb6 13.
O-O Rfd8 14. Bf4 Nf6 15. d6 exd6 16. Nb5 d5 17. Nc7 Nxc7 18. Bxc7 Rdc8 19. Rfc1
Nd7 20. a3 b5 21. Bd6 Re8 22. Kf1 Nb6 23. b3 Nc8 24. Bb4 Na7 25. Rd1 Nc6 26.
Bc5 Ra6 27. Rac1 Rd8 28. g3 b6 29. Bb4 Nxb4 30. axb4 Bf8 31. Nc3 Ra3 32. Nxb5
Rxb3 33. Rb1 Rxb4 34. Rxb4 Bxb4 35. Rb1 Ba5 36. Ke2 Rc8 37. Kd3 Kg7 38. f3 Rc4
39. Rb3 Rc1 40. Nc3 Rh1 41. Nxd5 Rxh2 42. Nxb6 Bxb6 43. Rxb6 Rh3 44. d5 Rxg3
45. Ke4 Rg5 46. d6 Kf6 47. d7+ Ke7 48. Rf6 Rf5 49. Rxf5 gxf5+ 50. Kxf5 Kxd7 51.
Kg5 Ke6 52. Kh6 Kf5 53. Kxh7 Kg5 54. Kg7 f5 55. Kf7 Kf4 56. Kf6) 9... Nc7 10.
Bf4 Nfe8 11. Nge2 Nd6 12. Rc1 a5 13. O-O Ra6 14. Na4 Bf5 15. Ng3 Bd7 16. Rfe1
Re8 17. Be2 b5 18. Nc3 Qa8 19. a4 bxa4 20. Nxa4 Rb8 21. Qa2 Nxd5 22. Bf3 Nb4
23. Qa1 {#Diagram This is the high point for Black} 23... Qa7 ( {The comp
recommends} 23... Bc6 $1 {for example} 24. Bxc6 Rxc6 25. Rxe7 Nd3 26. Rxc6 Qxc6
27. Be3 Qc2 {recovering the pawn with initiative} ) 24. Nc5 {Forcing Black to
sac the exchange (maybe this is a synonym for 'winning the exchange')} 24...
Bxd4 (24... Rab6 $2 25. Rxe7 {is fatal} ) 25. Nxa6 Bxf2+ 26. Kh1 {#Diagram}
26... Nd3 $2 {Adding fuel to the fire looks very plausible but ultimately costs
Black material. Trying to calculate in this insane position where everything is
mutually en-prise is impossible}  ( {but apparently} 26... Bxe1 {is best} ) 27.
Rxe7 $1 Qxa6 28. Be2 Bb5 29. Bxd3 Bxd3 30. Qa3 Rd8 31. Rd1 {During this phase
Black's problem is that he has too many loose pieces. White has easy play as he
can keep making threats for free} 31... Nc4 32. Qb3 Qf6 {#Diagram} 33. Rxd3 $1
Rxd3 (33... Qxe7 34. Rxd8+ Qxd8 35. Qxc4 {and White is covering f1} ) 34. Re8+
Kg7 35. Qxd3 Qxf4 36. Qc3+ Kh6 {Desperation}  ( {but} 36... Qd4 37. Qxd4+ Bxd4
38. Re4) 37. Re4 Qd2 38. Rh4+ ( {I was watching and predicting moves and at
this stage I was expecting} 38. Qxd2+ Nxd2 39. Re2 {which doesn't work because
now simply} 39... Bxg3 {This is one of the many reasons I am not playing on the
top boards I guess} ) 38... Kg5 39. Ne4+ {I thought White was winning the Queen
and didn't notice it is also mate next move}  (39. Ne4+ Kf5 40. Qf6# {is
pretty} )  ( {or more obviously} 39. Ne4+ Kxh4 40. Qh3#) 1-0